• 首页
  • 本馆介绍
  • 公告通知
  • 最新文献
  • 馆藏检索
  • 电子资源
  • 读者导购
  • 参考咨询
  • 我的图书馆
  • 登录
  • 详细信息显示
  • 放入我的书架
  • 预约/预借图书
  • 作者相关作品
  • 分类相关作品
  • 丛书相关作品
  • 出版社相关作品

书目信息

  • 表格格式
  • 工作单格式
  • 卡片格式
题名:
化学
    
 
作者: ;中等农业学校化学教科书编辑委员会 编
分册: 上册  
出版信息: 北京   人民教育出版社  1960
页数: 172页
开本: 20cm
丛书名:
单 册:
中图分类: O6-43
科图分类:
主题词: 化学
电子资源:
ISBN:
000 00687nam0 2200205 450
001 0662707924
005 20060801172739.57
010    @dCNY0.55
100    @a20060801d1960 km y0chiy0120 ea
101 0  @achi
102    @aCN@b110000
102    @aCN@b110000
200 1  @a化学@Ahua xue@h上册@f中等农业学校化学教科书编辑委员会编@Fzhong deng nong ye xue xiao hua xue jiao ke shu bian ji wei yuan hui bian
210    @a北京@c人民教育出版社@d1960
215    @a172页@d20cm
606 0  @a化学
690    @aO6-43@v3
711  0 @a中等农业学校化学教科书编辑委员会@Azhong deng nong ye xue xiao hua xue jiao ke shu bian ji wei yuan hui@4编
801  0 @aCN@bPFT@c20060801
905    @a10447@dO6-43@e343:1
    
    化学.上册/中等农业学校化学教科书编辑委员会编.-北京:人民教育出版社,1960
    172页;20cm
    
    
    ISBN :CNY0.55
    
●
相关链接 在E读中查询图书 在五车中查询图书 在当当中查询图书 在豆瓣中查询图书


正题名:化学     索取号:O6-43/343:1         预约/预借

序号 登录号 条形码 馆藏地/架位号 状态 备注
1 0434317   204343175   密集书库/ [索取号:O6-43/343:1] 在馆    
唐山师范学院图书馆 欢迎您!
大连网信软件有限公司© 版权所有